| 000 | 01027nam a22002537a 4500 | ||
|---|---|---|---|
| 005 | 20170124103049.0 | ||
| 010 | _aB-184906 | ||
| 020 |
_c80.00 _a8188466409 |
||
| 035 | _aB-184906 | ||
| 037 | _bCen Lib/Ret | ||
| 040 |
_aDPL _bHN |
||
| 082 |
_aक _bकुलश्रे |
||
| 100 |
_aकुलश्रेष्ठ, कल्पना _95721 |
||
| 245 |
_aउस सदी की बात / _cकल्पना कुलश्रेष्ठ |
||
| 246 |
_aUs sadi ki bat / _bby Kalpana Shresth |
||
| 260 |
_aदिल्ली _bअमरसत्य प्रकाशन _c2005 |
||
| 270 |
_bदिल्ली _a109, ब्लॉक बी, प्रीत विहार _e110092 |
||
| 300 |
_a87पृ. _c21सेमी(सजिल्द) |
||
| 650 |
_aहिन्दी साहित्य _969938 |
||
| 650 |
_aहिन्दी -- कहानियाँ _969939 |
||
| 650 |
_aHindi literature _969940 |
||
| 650 |
_aHindi -- Stories _969941 |
||
| 942 |
_2ddc _cHN _hक _mकुलश्रे |
||
| 999 |
_c117077 _d117077 |
||